[Event "CRO-ch U15"]
[Site "Trogir"]
[Date "2023.06.25"]
[Round "7"]
[White "Crepinko, Filip"]
[Black "Perdic, Arijan"]
[Result "0-1"]
[WhiteElo "1344"]
[BlackElo "1424"]
[PlyCount "46"]
[EventDate "2023.06.21"]
[EventType "swiss"]
[EventRounds "9"]
[EventCountry "CRO"]
[SourceTitle "EXT 2024"]
[Source "ChessBase"]
[SourceDate "2023.10.10"]
[SourceVersion "1"]
[SourceVersionDate "2023.10.10"]
[SourceQuality "1"]

1. d4 Nf6 2. c4 e6 3. Nf3 d5 4. e3 c6 5. b3 Bd6 6. Bb2 0-0 7. Bd3 Nbd7 8. 0-0 Re8 9. Ne5 c5 10. Nd2 cxd4 11. exd4 b6 12. f4 Bb7 13. Re1 dxc4 14. Ndxc4 Nf8 15. g4 Bxe5 16. dxe5 Qd5 17. Ne3 Qh1+ 18. Kf2 Qxh2+ 19. Kf1 Qxf4+ 20. Kg1 Qg3+ 21. Kf1 Bf3 22. Be2 Nxg4 23. Nxg4 Qg2# 0-1

[Event "CRO Topla Voda Cup"]
[Site "Tuhovec"]
[Date "2022.08.06"]
[Round "4.3"]
[White "Crepinko, Filip"]
[Black "Krizanic, Petar"]
[Result "0-1"]
[WhiteElo "1330"]
[BlackElo "1523"]
[PlyCount "118"]
[EventDate "2022.08.06"]
[EventType "team-tourn (blitz)"]
[EventRounds "11"]
[EventCountry "CRO"]
[SourceTitle "CBM 209 Extra"]
[Source "ChessBase"]
[SourceDate "2022.09.30"]
[SourceVersion "1"]
[SourceVersionDate "2022.09.30"]
[SourceQuality "1"]
[WhiteTeam "Ivanec"]
[BlackTeam "Var Toplice Mladost"]
[WhiteTeamCountry "CRO"]
[BlackTeamCountry "CRO"]

1. d4 d5 2. c4 dxc4 3. Nc3 e5 4. e3 exd4 5. exd4 Nf6 6. Bxc4 Be7 7. Nf3 0-0 8. 0-0 Bg4 9. Be3 Nc6 10. h3 Bh5 11. Be2 Re8 12. Ne5 Bxe2 13. Nxc6 Bxd1 14. Nxd8 Raxd8 15. Rfxd1 a6 16. Rac1 Bd6 17. Na4 Nd5 18. Rd3 Nb4 19. Rb3 Nxa2 20. Ra1 Nb4 21. Nc5 Bxc5 22. dxc5 Nc2 23. Rc1 Nxe3 24. fxe3 Rb8 25. c6 b6 26. Ra3 a5 27. Rc4 g6 28. b4 axb4 29. Rxb4 Re6 30. Rc4 Rc8 31. Ra7 Kg7 32. Rb7 h5 33. Rf4 Rxe3 34. Kf2 Rc3 35. Rf3 Rxc6 36. Rb3 Rf6+ 37. Kg3 g5 38. Rb4 h4+ 39. Kh2 Kg6 40. Rc4 b5 41. Rcxc7 Rxc7 42. Rxc7 b4 43. Rb7 Rf4 44. g3 hxg3+ 45. Kxg3 f6 46. h4 Kh5 47. hxg5 fxg5 48. Rb5 Rg4+ 49. Kf3 Kh4 50. Rc5 Rf4+ 51. Kg2 g4 52. Rc6 b3 53. Rb6 Rf3 54. Kh2 g3+ 55. Kg2 Rf2+ 56. Kg1 b2 57. Rb4+ Kg5 58. Rb3 Kf4 59. Rb4+ Ke5 0-1

[Event "CRO Topla Voda Cup"]
[Site "Tuhovec"]
[Date "2022.08.06"]
[Round "6.3"]
[White "Crepinko, Filip"]
[Black "Pandurevic, Miro"]
[Result "0-1"]
[WhiteElo "1330"]
[BlackElo "2278"]
[PlyCount "62"]
[EventDate "2022.08.06"]
[EventType "team-tourn (blitz)"]
[EventRounds "11"]
[EventCountry "CRO"]
[SourceTitle "CBM 209 Extra"]
[Source "ChessBase"]
[SourceDate "2022.09.30"]
[SourceVersion "1"]
[SourceVersionDate "2022.09.30"]
[SourceQuality "1"]
[WhiteTeam "Ivanec"]
[BlackTeam "Zagreb Caissa"]
[WhiteTeamCountry "CRO"]
[BlackTeamCountry "CRO"]

1. d4 Nf6 2. c4 d6 3. Nc3 Bf5 4. Bf4 g6 5. e3 Bg7 6. Bd3 Bxd3 7. Qxd3 0-0 8. Nf3 c6 9. 0-0 a6 10. Rad1 b5 11. a4 b4 12. Na2 a5 13. b3 Nbd7 14. c5 dxc5 15. dxc5 Nd5 16. Qc4 e5 17. Bg3 Qe7 18. e4 N5f6 19. Rd6 Nxc5 20. Rxc6 Nfxe4 21. Rc1 Rad8 22. h3 Nxg3 23. fxg3 Nd3 24. Rd1 e4 25. Ne1 Ne5 26. Qc5 Qxc5+ 27. Rxc5 Rxd1 28. Kf2 Rxe1 29. Kxe1 Nd3+ 30. Ke2 Nxc5 31. Nc1 Bb2 0-1

[Event "CRO Topla Voda Cup"]
[Site "Tuhovec"]
[Date "2022.08.06"]
[Round "10.3"]
[White "Makovec, Bruno"]
[Black "Crepinko, Filip"]
[Result "1-0"]
[WhiteElo "2271"]
[BlackElo "1330"]
[PlyCount "55"]
[EventDate "2022.08.06"]
[EventType "team-tourn (blitz)"]
[EventRounds "11"]
[EventCountry "CRO"]
[SourceTitle "CBM 209 Extra"]
[Source "ChessBase"]
[SourceDate "2022.09.30"]
[SourceVersion "1"]
[SourceVersionDate "2022.09.30"]
[SourceQuality "1"]
[WhiteTeam "Mihovljan Sloboda"]
[BlackTeam "Ivanec"]
[WhiteTeamCountry "CRO"]
[BlackTeamCountry "CRO"]

1. e4 e6 2. d4 d5 3. Nd2 Nf6 4. Bd3 c5 5. exd5 exd5 6. dxc5 Bxc5 7. Ngf3 Bg4 8. 0-0 0-0 9. h3 Bxf3 10. Nxf3 Nc6 11. a3 Nd4 12. Nxd4 Bxd4 13. Bxh7+ Kxh7 14. Qxd4 Qb6 15. Qh4+ Kg8 16. Be3 Qxb2 17. Bd4 Qxc2 18. Bxf6 gxf6 19. Qxf6 Qg6 20. Qd4 Qe4 21. Qf6 Qg6 22. Qe5 Qe6 23. Qg5+ Qg6 24. Qxd5 Rfd8 25. Qxb7 Kg7 26. Rac1 Rd3 27. Qxa8 Rxh3 28. Rc8 1-0